1112 1344 1573 1184 1351 1803 1812 1766 1949 1762 1649 1062 1560 1375 1275 1829 1861 1309 1774 1320 1250 1277 1317 1772 1239 1332 1157 1334 1720 1762 1363 1383 1764 1657 1186 1661 1099 1498 1982 1682 1804 1109 1408 1679 1152 1123 1030 1739 1199 1330 1373 1822 1931 1889 1590 1132 1585 1355 1685 1119 1473 1352 1750 1298 1487 1334 1620 1333 1476 1462 1793 1459 1837 1369 1847 1358 1732 1824 1801 1430 1751 1148 1921 1922 1703 1461 1979 1873 1733 1337 1731 1900 1405 1945 1847 1493 1139 1969 1122 BCNSPRNW ULIB Ver.6.0+V

เปลี่ยนเป็นภาษาไทย

Change to English
 แสดงรายละเอียดบรรณานุกรม
  กลับหน้าหลัก

Brief Record : Get Marc (ISO 2709) : E-mail record : QR code < ปิดหน้าต่าง
LEADER : 00000nam 2200000uu 4500
001    13399112925
003     ULIB
008    110627s2550||||th 000 0 tha d
020    9789748371542
090    นว.^bA111ซ 2550
100 0  Angie Sage
245 00 เซ็ปติมัส ฮีป ปาฏิหาริย์หมายเลขเจ็ด 3 จอมขมังเวช/^cAngie Sage
250    พิมพ์ครั้งที่ 2
260    กรุงเทพฯ :^bนามมีบุ๊คส์พับลิเคชั่นส์,^c2550
300    480 หน้า
710 1  นามมีบุ๊คส์พับลิเคชั่นส์
945    ^p295^l0^i022070
995    ทศพร
999 ^a ใช้งานได้ทุกระบบ
รายการนี้ยังไม่มีแท็ก
คุณยังไม่ได้ล็อกอิน คุณสามารถมีกิจกรรมร่วมกับเว็บไซต์ได้ แต่ต้องล็อกอินก่อน ::
  ล็อกอิน

รายการสื่อสารสนเทศ

ลำดับที่ ประเภท เลขเรียก/บาร์โค้ด สถานที่ สถานะ
- ไม่พบข้อมูล -

รายการใกล้เคียง
    ผู้แต่ง [Angie Sage]

BibComment


ยังไม่เคยถูกคอมเมนท์

คอมเมนท์ทรัพยากรรายการนี้
  คอมเมนท์: เซ็ปติมัส ฮีป ปาฏ..


 Copyright 2026. Bcnsprnw @Library